Estatísticas para Famosos Italianos

Clique aqui para jogar o quiz

Estatísticas Gerais

  • Esse quiz foi jogado 51 vezes
  • A pontuação média é 5 de 15

Estatísticas das Respostas

Resposta% Correto
Leonardo da Vinci
87%
Luciano Pavarotti
69%
Roberto Baggio
64%
Silvio Berlusconi
60%
Michelangelo
40%
Donatella Versace
38%
Sophia Loren
33%
Galileo
22%
Giorgio Armani
22%
Monica Bellucci
22%
Roberto Benigni
22%
Giuseppe Garibaldi
18%
Christopher Columbus
9%
Federico Fellini
9%
Julius Caesar
9%

Distribuição das Pontuações

Percentil de Números Respondidos

Porcentagem de Pessoas com Cada Pontuação

Sua Pontuação Histórica

Você não jogou esse quiz